[Event "Portugal Open 2017"]
[Site "masterchessopen.com Lisbon POR"]
[Date "2017.02.06"]
[Round "5.1"]
[White "Iturrizaga,E"]
[Black "Vorobiov,E"]
[Result "1-0"]
[WhiteElo "2652"]
[BlackElo "2580"]

1.d4 Nf6 2.c4 g6 3.Nc3 d5 4.Bg5 Ne4 5.Bh4 Nxc3 6.bxc3 dxc4 7.e3 Be6 8.Be2 Bg7
9.Nh3 Bxh3 10.gxh3 Nd7 11.Bxc4 O-O 12.Qf3 c6 13.O-O Nb6 14.Bb3 Qc7 15.a4 Nc8
16.Bg3 Nd6 17.h4 h5 18.e4 e6 19.Qe3 Rac8 20.c4 Qd7 21.c5 Ne8 22.Rad1 b6 23.d5
exd5 24.exd5 bxc5 25.Qxc5 cxd5 26.Rxd5 Qb7 27.Qb5 Qa8 28.Rd7 Nf6 29.Rb7 Ne4
30.Re1 a6 31.Qd5 Nxg3 32.hxg3 Rc5 33.Qd7 Rf5 34.Re7 Rd8 35.Rxf7 {#r} 1-0

[Event "Portugal Open 2017"]
[Site "masterchessopen.com Lisbon POR"]
[Date "2017.02.06"]
[Round "5.4"]
[White "Kovalev,Vl"]
[Black "Damia,A"]
[Result "1-0"]
[WhiteElo "2598"]
[BlackElo "2293"]

1.e4 Nc6 2.Nf3 Nf6 3.e5 Nd5 4.d4 d6 5.c4 Nb6 6.exd6 cxd6 7.Nc3 Bg4 8.Be3 e6
9.h3 Bxf3 10.Qxf3 d5 11.cxd5 Nxd5 12.Nxd5 Qxd5 13.Qxd5 exd5 14.g3 Bb4+ 15.Ke2
Kd7 16.h4 Rhe8 17.Bh3+ Kc7 18.Rhc1 Re7 19.a3 Bd6 20.Bg2 Rae8 21.Rc3 Kb8 22.Rd3
Rd8 23.Bxd5 Bc7 24.Bxc6 bxc6 25.Rc1 Kb7 26.Rc5 Bb6 27.Rh5 h6 28.d5 Rxd5
29.Rhxd5 cxd5 30.Rxd5 Bxe3 31.fxe3 Kc6 32.Ra5 Kb6 33.b4 Re4 34.Rf5 f6 35.Rc5
Re7 36.h5 Rd7 37.g4 Rd8 38.a4 Rd7 39.Rc4 Rd5 40.e4 Rd7 41.Ke3 Rd1 42.a5+ Kb7
43.Rd4 {#r} 1-0

[Event "Portugal Open 2017"]
[Site "masterchessopen.com Lisbon POR"]
[Date "2017.02.06"]
[Round "5.6"]
[White "Campora,D"]
[Black "Maiorov,N1"]
[Result "0-1"]
[WhiteElo "2450"]
[BlackElo "2511"]

1.e4 e5 2.Nf3 Nc6 3.Bb5 a6 4.Ba4 Nf6 5.O-O Be7 6.Re1 b5 7.Bb3 d6 8.c3 O-O 9.d4
Bg4 10.Be3 exd4 11.cxd4 Na5 12.Bc2 Nc4 13.Bc1 c5 14.b3 Nb6 15.Bb2 Rc8 16.Nbd2
Nfd7 17.h3 Bh5 18.Rc1 Re8 19.Bb1 Nf8 20.dxc5 dxc5 21.e5 Qc7 22.Bf5 Rcd8 23.Qc2
Nd5 24.Qb1 Nf4 25.g3 N4e6 26.Be4 Ng5 27.h4 Nxe4 28.Qxe4 Bg6 29.Qe2 Ne6 30.Ne4
Rd5 31.Red1 Red8 32.Rxd5 Rxd5 33.Nfd2 h5 34.Nf3 Qd7 35.a4 Rd3 36.axb5 axb5
37.Rc3 Bxe4 38.Qxe4 Rxc3 {#R} 0-1

[Event "Portugal Open 2017"]
[Site "masterchessopen.com Lisbon POR"]
[Date "2017.02.06"]
[Round "5.7"]
[White "Rey Malde,H"]
[Black "Palac,M"]
[Result "0-1"]
[WhiteElo "2126"]
[BlackElo "2600"]

1.e4 c5 2.Nf3 e6 3.c3 Nf6 4.e5 Nd5 5.d4 cxd4 6.cxd4 d6 7.Nc3 Nxc3 8.bxc3 Qc7
9.Bd2 Nd7 10.exd6 Bxd6 11.Bd3 b6 12.O-O Bb7 13.h3 O-O 14.c4 e5 15.Re1 Bxf3
16.Qxf3 exd4 17.Qe4 g6 18.Bh6 Rfd8 19.Qh4 Rac8 20.Rad1 Be5 21.Bg5 Re8 22.f4
Bg7 23.f5 Nc5 24.Rxe8+ Rxe8 25.f6 Bf8 26.Bf1 Re4 27.Qf2 Qe5 28.Bc1 Bd6 29.Qf3
h5 {#R} 0-1

[Event "Portugal Open 2017"]
[Site "masterchessopen.com Lisbon POR"]
[Date "2017.02.06"]
[Round "5.8"]
[White "Grigoryan,K2"]
[Black "Derakhshani,D"]
[Result "1-0"]
[WhiteElo "2561"]
[BlackElo "2373"]

1.c4 e5 2.Nc3 Nf6 3.g3 d5 4.cxd5 Nxd5 5.Bg2 Nb6 6.Nf3 Nc6 7.O-O Be7 8.a3 O-O
9.d3 Be6 10.b4 a5 11.b5 Nd4 12.Nd2 Qc8 13.e3 Nf5 14.Nf3 f6 15.e4 Nd4 16.Nxd4
exd4 17.Ne2 Qd7 18.Bb2 Qxb5 19.Nxd4 Qxb2 20.Nxe6 Rf7 21.Nxc7 Rc8 22.Ne6 Rc6
23.Rb1 Qxa3 24.Nd4 Bb4 25.Nxc6 bxc6 26.e5 fxe5 27.Bxc6 Qc3 28.Be4 Qd4 29.Rc1
Bc5 30.Qc2 Ba3 31.Rb1 Bb4 32.Qc6 g6 33.Rbc1 Kg7 34.Qb5 Nd7 35.Bd5 Re7 36.Rc7
Nf6 37.Rxe7+ Bxe7 38.Bc4 Bb4 39.Kg2 e4 40.dxe4 Nxe4 41.Bd5 Nc3 42.Qb7+ Kh6
43.Bf3 Bc5 44.h4 a4 45.g4 g5 46.hxg5+ Kg6 47.Qc8 a3 48.Qg8+ {#r} 1-0

[Event "Portugal Open 2017"]
[Site "masterchessopen.com Lisbon POR"]
[Date "2017.02.06"]
[Round "5.9"]
[White "Akshat,Kh"]
[Black "Indjic,A"]
[Result "0-1"]
[WhiteElo "2361"]
[BlackElo "2560"]

1.d4 d5 2.c4 c6 3.cxd5 cxd5 4.Nc3 Nc6 5.Bf4 Nf6 6.e3 e6 7.Bd3 a6 8.Rc1 Bd6
9.Bxd6 Qxd6 10.f4 O-O 11.Nf3 b5 12.O-O Bb7 13.Ne5 Ne7 14.Rf2 Ne4 15.Rfc2 f6
16.Nxe4 dxe4 17.Rc7 fxe5 18.Rxb7 exd3 19.Rcc7 Rf7 20.dxe5 Qb4 21.a3 Qe4 22.Qe1
Rd8 23.Qd2 Rc8 24.Rxc8+ Nxc8 25.Rxf7 Kxf7 26.Kf2 Ne7 {#R} 0-1

[Event "Portugal Open 2017"]
[Site "masterchessopen.com Lisbon POR"]
[Date "2017.02.06"]
[Round "5.11"]
[White "Ozer,Omer Faruk"]
[Black "Galego,L"]
[Result "1-0"]
[WhiteElo "2344"]
[BlackElo "2478"]

1.e4 c6 2.d4 d5 3.e5 c5 4.dxc5 e6 5.Be3 Ne7 6.c3 Nf5 7.Bd4 b6 8.cxb6 Nxd4
9.Qxd4 axb6 10.Nf3 Bd7 11.Bd3 Nc6 12.Qe3 Bc5 13.Qe2 g5 14.h3 h5 15.Nbd2 Rg8
16.g4 hxg4 17.hxg4 Ra4 18.b4 Be7 19.Nb3 Ra3 20.Kf1 d4 21.b5 Na5 22.Nxa5 Rxa5
23.Nxd4 Qc7 24.Rc1 Ra3 25.Nc6 Kf8 26.Be4 Bxc6 27.Bxc6 Qa7 28.Rc2 Ra4 29.c4 Ra3
30.Kg2 Kg7 31.Rd2 Qa4 32.Rd7 Qb4 33.Qc2 Rh8 34.Rxh8 Kxh8 35.Rd1 {#r} 1-0

[Event "Portugal Open 2017"]
[Site "masterchessopen.com Lisbon POR"]
[Date "2017.02.06"]
[Round "5.12"]
[White "Strugnell,C"]
[Black "Fernandes,Ant"]
[Result "0-1"]
[WhiteElo "2255"]
[BlackElo "2463"]

1.e4 c5 2.Nf3 Nf6 3.Nc3 d5 4.exd5 Nxd5 5.Bb5+ Bd7 6.Ne5 Nf6 7.Qf3 Qc8 8.O-O a6
9.Bc4 e6 10.a4 Bd6 11.Ng4 Nxg4 12.Qxg4 O-O 13.Ne4 Be7 14.Ng3 Nc6 15.Re1 Nd4
16.Qd1 b5 17.axb5 axb5 18.Rxa8 Qxa8 19.Bf1 Bc6 20.d3 h6 21.Bf4 Qa4 22.b3 Qa2
23.c3 Nxb3 24.Nf5 exf5 25.Rxe7 Qa4 26.Bd6 Rd8 27.Be5 Re8 28.Rxe8+ Bxe8 29.Qf3
Nd2 30.Qe2 Nxf1 31.Qxf1 Qc2 32.h3 Bc6 33.f3 f6 34.Bxf6 gxf6 35.Qe1 Kf7 36.Qg3
Qxd3 37.Qc7+ Qd7 38.Qf4 Kg6 39.h4 h5 40.Qg3+ Kh7 41.Qb8 Qe7 42.Kf2 b4 43.c4
Be8 {#R} 0-1

[Event "Portugal Open 2017"]
[Site "masterchessopen.com Lisbon POR"]
[Date "2017.02.06"]
[Round "5.13"]
[White "Gomez Dieguez,D"]
[Black "Annaberdiev,M"]
[Result "0-1"]
[WhiteElo "2219"]
[BlackElo "2435"]

1.e4 c6 2.d4 d5 3.e5 c5 4.dxc5 Nc6 5.Nf3 e6 6.Be3 Nge7 7.Bd3 Ng6 8.Bxg6 fxg6
9.c3 Be7 10.Nbd2 O-O 11.b4 Qc7 12.Bd4 b6 13.Nb3 Ba6 14.a4 Bc4 15.cxb6 axb6
16.b5 Rxf3 17.Qxf3 Nxe5 18.Qe3 Nd3+ 19.Kd2 e5 20.Bxb6 Qd7 21.Nc1 d4 22.cxd4
exd4 23.Qxd4 Bg5+ 24.Kc2 Nb4+ 25.Kd1 Rd8 26.Ne2 Qg4 27.Qxd8+ Bxd8 28.f3 Bxe2+
29.Kxe2 Qc4+ 30.Kf2 Bxb6+ 31.Kg3 Bc7+ 32.Kh3 Nd3 {#R} 0-1

[Event "Portugal Open 2017"]
[Site "masterchessopen.com Lisbon POR"]
[Date "2017.02.06"]
[Round "5.14"]
[White "Suarez Uriel,A"]
[Black "Martin Duque,J"]
[Result "1-0"]
[WhiteElo "2389"]
[BlackElo "2312"]

1.e4 c5 2.Nf3 e6 3.b3 b6 4.Bb2 Bb7 5.Qe2 Nc6 6.Nc3 Be7 7.O-O-O Nf6 8.e5 Nd5
9.Nxd5 exd5 10.d4 O-O 11.dxc5 bxc5 12.Kb1 Na5 13.Qd2 Bc6 14.h4 h6 15.Rh3 d4
16.Rg3 Kh8 17.Bc1 Qb6 18.Qf4 Bxf3 19.Qxf3 f5 20.Qh5 Kh7 21.Bd2 Nb7 22.Bd3 Qe6
23.Bc4 d5 24.Bxd5 {#r} 1-0

[Event "Portugal Open 2017"]
[Site "masterchessopen.com Lisbon POR"]
[Date "2017.02.06"]
[Round "5.15"]
[White "Cordovil,J"]
[Black "Sousa,Andre Ventura"]
[Result "0-1"]
[WhiteElo "2139"]
[BlackElo "2380"]

1.e4 e5 2.Nf3 Nc6 3.Bb5 Nf6 4.d3 Bc5 5.O-O Nd4 6.Nxd4 Bxd4 7.c3 Bb6 8.Bg5 h6
9.Bh4 c6 10.Bc4 d6 11.Nd2 g5 12.Bg3 h5 13.h4 Rg8 14.Qb3 Qe7 15.d4 gxh4 16.Bxh4
Bh3 17.g3 O-O-O 18.Rfe1 Rg4 19.Nf3 Rg7 20.a4 Rdg8 21.a5 Bd8 22.dxe5 dxe5
23.Qa3 Qxa3 24.Rxa3 Nd7 25.Bxd8 Rxd8 26.b4 Bg4 27.Nh4 Nf8 28.Ra2 f6 29.f3 Be6
30.Bxe6+ Nxe6 31.Nf5 Rgd7 32.Kf2 Rd3 33.Rc2 Ng5 34.Nh4 Kc7 35.Ke2 c5 36.Rf1 c4
37.Nf5 Kc6 38.Ne3 Kb5 39.Rh1 Rxe3+ 40.Kxe3 Rd3+ 41.Kf2 Rxf3+ 42.Kg2 Re3
43.Rxh5 Ka4 44.Kf2 Rf3+ 45.Kg2 Kb3 46.Re2 Rxc3 47.Rh6 Rf3 48.Rg6 Rd3 49.Rxf6
c3 50.a6 bxa6 51.Rxa6 c2 52.Ra3+ Kxa3 53.Rxc2 Kxb4 {#R} 0-1

[Event "Portugal Open 2017"]
[Site "masterchessopen.com Lisbon POR"]
[Date "2017.02.06"]
[Round "5.17"]
[White "Abergel,T"]
[Black "Gavrish,L"]
[Result "1-0"]
[WhiteElo "2464"]
[BlackElo "2212"]

1.e4 d6 2.d4 Nf6 3.Nc3 g6 4.g3 Bg7 5.Bg2 O-O 6.h3 Nbd7 7.Nge2 e5 8.O-O c6
9.Be3 Re8 10.d5 c5 11.Nb5 Nb6 12.a4 a6 13.Nbc3 Nc4 14.Bc1 Bd7 15.b3 Na5 16.Bd2
b5 17.Qe1 b4 18.Nd1 Rb8 19.Rb1 h6 20.Nc1 Qc8 21.Kh2 Nh7 22.c3 bxc3 23.Bxc3 Nb7
24.Ne3 h5 25.Nc4 Qd8 26.f4 exf4 27.gxf4 Nf6 28.e5 Bf5 29.Rb2 dxe5 30.fxe5 Nxd5
31.Rd2 Be6 32.Ne2 Re7 33.Bxd5 Bxd5 34.Nf4 Rd7 35.Rxd5 Rxd5 36.e6 Qc7 37.exf7+
Qxf7 38.Nxd5 Qxd5 39.Bxg7 Kxg7 40.Qe7+ Kg8 41.Rf6 Qd3 42.Qf7+ Kh8 43.Rxg6 {#r}
1-0

[Event "Portugal Open 2017"]
[Site "masterchessopen.com Lisbon POR"]
[Date "2017.02.06"]
[Round "5.18"]
[White "Menezes,Chr"]
[Black "Guerra,Vic"]
[Result "1-0"]
[WhiteElo "2404"]
[BlackElo "2130"]

1.Nf3 d5 2.d4 Nf6 3.c4 c6 4.Nc3 e6 5.Bg5 Nbd7 6.e3 Be7 7.Qc2 a6 8.a3 b5 9.c5
O-O 10.Bd3 h6 11.Bf4 Nh5 12.Be5 f5 13.h3 Nhf6 14.Ne2 Qe8 15.g4 Ne4 16.Nf4 Bf6
17.Bxf6 Rxf6 18.Bxe4 fxe4 19.Ne5 Nxe5 20.dxe5 Rf8 21.O-O-O a5 22.h4 b4 23.Rdg1
bxa3 24.bxa3 Ba6 25.h5 Rxf4 26.exf4 Bd3 27.Qc3 Qf8 28.f5 exf5 29.g5 d4 30.Qb3+
Kh8 31.gxh6 Qxc5+ 32.Kd2 Bc4 33.Qb7 e3+ 34.fxe3 dxe3+ 35.Ke1 Rg8 36.Rxg7 Bf7
37.Rxg8+ Kxg8 38.Rg1+ Kf8 39.Qb8+ Ke7 40.Qd6+ {#r} 1-0

[Event "Portugal Open 2017"]
[Site "masterchessopen.com Lisbon POR"]
[Date "2017.02.06"]
[Round "5.19"]
[White "Alvarez Marquez,J"]
[Black "Guimaraes,R"]
[Result "1-0"]
[WhiteElo "2398"]
[BlackElo "2126"]

1.d4 Nf6 2.c4 c5 3.d5 b5 4.cxb5 a6 5.b6 Qxb6 6.Nc3 e5 7.e4 Be7 8.Nf3 d6 9.Nd2
O-O 10.Be2 Ne8 11.O-O f5 12.Nc4 Qb7 13.f4 Nd7 14.exf5 exf4 15.Bxf4 Nb6 16.Na5
Qc7 17.g4 Bf6 18.Nc6 Bb7 19.Bf3 Kh8 20.Qd3 Rc8 21.Rfe1 Nxd5 22.Nxd5 Qxc6
23.Ne7 Bd4+ 24.Kg2 Qxf3+ 25.Qxf3 Bxf3+ 26.Kxf3 Rc7 27.Rab1 Rd7 28.Nc6 Bf6
29.g5 Bd8 30.Rbd1 Bb6 31.Re6 Kg8 32.Kg4 d5 33.Rde1 Nc7 34.Ne7+ Kf7 35.g6+ {#r}
1-0

[Event "Portugal Open 2017"]
[Site "masterchessopen.com Lisbon POR"]
[Date "2017.02.06"]
[Round "5.20"]
[White "Cuevas Fernandez,J"]
[Black "Vasques,A"]
[Result "0-1"]
[WhiteElo "2116"]
[BlackElo "2333"]

1.d4 Nf6 2.Nf3 g6 3.c4 Bg7 4.Nc3 O-O 5.e4 d6 6.h3 e5 7.d5 a5 8.g4 Na6 9.Be3 c6
10.Be2 Bd7 11.Nd2 Ne8 12.h4 Nc5 13.h5 Bf6 14.Nb3 Nxb3 15.axb3 Bg5 16.Qd2 Bxe3
17.Qxe3 g5 18.c5 Qf6 19.O-O dxc5 20.Qxc5 Qf4 21.Qe3 Nf6 22.Qxf4 exf4 23.f3
cxd5 24.e5 d4 25.exf6 dxc3 26.Rad1 Be6 27.Bc4 c2 28.Rd2 Rac8 29.Rxc2 Rc6
30.Bd3 Bxb3 31.Rxc6 bxc6 32.Be4 Rd8 33.Bxc6 Rd6 34.Rc1 Rxf6 35.Rc5 h6 36.Be4
Rd6 37.Rxa5 Kf8 38.Rb5 Bc4 39.Rc5 Bd3 40.Bc6 Ke7 41.b4 Rd4 42.Rc3 f5 43.gxf5
Bxf5 44.b5 Rb4 45.Kf2 Kd6 46.Be8 Rb2+ 47.Kg1 Rb1+ 48.Kf2 Rb2+ 49.Kg1 Kd5
50.Rc1 Rb1 51.Rxb1 Bxb1 52.b6 Kd6 53.Bg6 Ba2 54.Be4 Bf7 55.Bg6 Bd5 56.Kf2 Kc6
57.Bf5 Kxb6 58.Bg4 Kc5 59.Ke2 Kd4 60.Kd2 Bc4 61.Bh3 Ke5 62.Bg4 Be6 63.Bxe6
Kxe6 64.Kc3 Ke5 {#R} 0-1

[Event "Portugal Open 2017"]
[Site "masterchessopen.com Lisbon POR"]
[Date "2017.02.06"]
[Round "5.21"]
[White "Anguera Maestro,J"]
[Black "Santos,AntonioP"]
[Result "0-1"]
[WhiteElo "2106"]
[BlackElo "2248"]

1.d4 d5 2.Nf3 Nf6 3.Bf4 c5 4.c3 Nc6 5.e3 Qb6 6.Qb3 c4 7.Qxb6 axb6 8.Na3 Rxa3
9.bxa3 Bf5 10.Nh4 Bc2 11.Kd2 Ba4 12.f3 e6 13.g4 Bxa3 14.Be2 Nd7 15.Bd1 Bxd1
16.Rhxd1 b5 17.Rab1 b4 18.Kc2 b5 19.cxb4 Nb6 20.Bg3 Kd7 21.Be1 Ra8 22.f4 Ra4
23.Nf3 f6 24.Ng1 Kc7 25.Ne2 Bxb4 26.a3 Rxa3 27.Ra1 Rxe3 28.Nc3 Bxc3 29.Bxc3 b4
30.Bd2 Nxd4+ 31.Kc1 Nb3+ 32.Kb1 Nxd2+ 33.Rxd2 Re1+ {#R} 0-1

[Event "Portugal Open 2017"]
[Site "masterchessopen.com Lisbon POR"]
[Date "2017.02.06"]
[Round "5.22"]
[White "Cavaleiro,D"]
[Black "Coiffait,Pierre-Basile"]
[Result "0-1"]
[WhiteElo "2030"]
[BlackElo "2248"]

1.d4 Nf6 2.c4 e6 3.Nc3 Bb4 4.e3 b6 5.Bd3 Bb7 6.Nf3 O-O 7.O-O c5 8.Rb1 Re8
9.Nb5 cxd4 10.exd4 a6 11.Nc3 d5 12.cxd5 Nxd5 13.Ne4 Nd7 14.Ne5 N5f6 15.Ng5
Nxe5 16.dxe5 Qd5 17.Qf3 Qxf3 18.gxf3 Red8 19.Rd1 h6 20.exf6 hxg5 21.Be2 Rxd1+
22.Bxd1 gxf6 23.Be3 b5 24.f4 gxf4 25.Bxf4 Rd8 26.Bb3 e5 27.Be3 f5 28.Rd1 Rxd1+
29.Bxd1 f4 30.Bb6 Bc6 31.Bc7 f6 32.Bb6 Bd5 33.a4 f3 34.h3 Bd2 35.Bc2 e4
36.axb5 axb5 37.Be3 Bxe3 38.fxe3 Kf7 39.Kf2 Kg6 40.Kg3 f5 41.b4 Kg5 42.Bd1 Kh5
43.h4 Kh6 44.Kf2 Kg6 45.Kg3 Kf6 46.Kf2 Ke6 47.Bc2 Ke5 48.Kg3 Bc4 49.Bd1 Kd5
50.Kf2 Ba2 51.h5 Ke5 {#R} 0-1

[Event "Portugal Open 2017"]
[Site "masterchessopen.com Lisbon POR"]
[Date "2017.02.06"]
[Round "5.24"]
[White "Bhawoodien,Mohamed Ozayr"]
[Black "Lasinskas,P"]
[Result "1-0"]
[WhiteElo "2060"]
[BlackElo "2231"]

1.d4 Nf6 2.c4 g6 3.Nc3 d5 4.Nf3 Bg7 5.h4 h6 6.Bf4 a6 7.cxd5 Nxd5 8.Nxd5 Qxd5
9.Bxc7 Nc6 10.e3 Bg4 11.Be2 Rc8 12.Bb6 O-O 13.O-O Qh5 14.Rc1 Nb4 15.Bc5 Nd5
16.Qb3 Rfd8 17.Qxb7 Rb8 18.Qxa6 Rxb2 19.Bd1 e5 20.dxe5 Nb4 21.Qb6 Rxd1
22.Rcxd1 Bxf3 23.gxf3 Qxf3 24.Qb8+ Kh7 25.e6 Rxf2 26.Rxf2 Qxd1+ 27.Kh2 Nd3
28.exf7 Nxf2 29.Qg8# 1-0

[Event "Portugal Open 2017"]
[Site "masterchessopen.com Lisbon POR"]
[Date "2017.02.06"]
[Round "5.25"]
[White "Hill,Alistair"]
[Black "Fathallah,J"]
[Result "1-0"]
[WhiteElo "2200"]
[BlackElo "2003"]

1.e4 e6 2.d4 d5 3.Nd2 Nf6 4.e5 Nfd7 5.Bd3 c5 6.c3 Nc6 7.Ne2 Qb6 8.Nf3 f6 9.Nf4
fxe5 10.Nxe5 Ndxe5 11.dxe5 Nxe5 12.Qh5+ Nf7 13.Bxh7 e5 14.Nxd5 Qc6 15.c4 Be6
16.Qg6 O-O-O 17.O-O Rd6 18.Qc2 Nh6 19.Bxh6 gxh6 20.Bf5 Rg8 21.Rfe1 Kb8 22.Rad1
Bxd5 23.Rxd5 Rxd5 24.Be4 Qf6 25.Bxd5 Rg7 26.Re3 Bd6 27.Qa4 Qg6 28.Be4 Qg4
29.Rg3 Qd7 30.Qxd7 Rxd7 31.Bd5 b5 32.b3 Bf8 33.Rg6 bxc4 34.bxc4 Rd6 35.Rg8 Rd8
36.Kf1 Kc7 37.Ke2 Bd6 38.Rg7+ Rd7 39.Rg6 Bf8 40.Re6 Re7 41.Rc6+ Kd8 42.Rxc5
Rb7 43.Ra5 Rc7 44.Ra6 Re7 45.Kf3 Kc7 46.Rxa7+ Kd6 47.Ra8 Bg7 48.Ke4 Rc7 49.a4
Kc5 50.a5 Re7 51.a6 Kb6 52.Bb7 Rc7 53.Rc8 Rd7 54.c5+ Ka7 55.Ra8# 1-0

[Event "Portugal Open 2017"]
[Site "masterchessopen.com Lisbon POR"]
[Date "2017.02.06"]
[Round "5.27"]
[White "Bebchuk,L"]
[Black "Carneiro,C"]
[Result "0-1"]
[WhiteElo "2028"]
[BlackElo "2182"]

1.c4 Nf6 2.Nc3 g6 3.g3 d5 4.cxd5 Nxd5 5.Bg2 Nb6 6.Nf3 Bg7 7.O-O O-O 8.d3 c6
9.Bd2 h6 10.Rb1 a5 11.b3 Na6 12.Qc1 Kh7 13.Ne4 Nd5 14.Qe1 Nab4 15.a3 Na2
16.Ra1 Bxa1 17.Qxa1 f5 18.Nc5 Qd6 19.d4 b6 20.Qxa2 bxc5 21.dxc5 Qxc5 22.Rc1
Qd6 23.Rc4 f4 24.Nh4 Rf6 25.Be4 Ba6 26.Qc2 Bxc4 27.bxc4 fxg3 28.hxg3 Nc7
29.Qc1 Rd8 30.Bd3 Qc5 31.Be3 Qh5 32.Qb1 Rg8 33.Qb7 Qe5 34.Nf3 Qa1+ 35.Kg2 Ne6
36.Qxe7+ Rg7 37.Qe8 Qxa3 38.Bxh6 Qe7 39.Bxg7 Qxe8 40.Bxf6 a4 41.Ne5 Nf8 42.c5
Qe6 {#R} 0-1

[Event "Portugal Open 2017"]
[Site "masterchessopen.com Lisbon POR"]
[Date "2017.02.06"]
[Round "5.33"]
[White "Rodriguez,Juan Talavera"]
[Black "Sousa,H"]
[Result "1-0"]
[WhiteElo "2007"]
[BlackElo "2165"]

1.e4 c5 2.Nf3 a6 3.d4 cxd4 4.Nxd4 Nf6 5.Bd3 e5 6.Ne2 d5 7.exd5 Qxd5 8.O-O Bg4
9.Qe1 Bc5 10.h3 Be6 11.Nbc3 Qd7 12.Ng3 Nc6 13.Be3 Nd4 14.Nce4 Be7 15.Ng5 Bf5
16.Rd1 Bxd3 17.Rxd3 O-O 18.Qd1 Rad8 19.Bxd4 exd4 20.Nf3 Qa4 21.a3 Bc5 22.c3
Qb5 23.b4 Bb6 24.cxd4 Rfe8 25.Qd2 h6 26.Rd1 Nd5 27.Ne2 a5 28.Nc3 Nxc3 29.Qxc3
Rc8 30.Qb2 Rc4 31.Rb3 a4 32.Rbd3 Rec8 33.R3d2 Qf5 34.d5 Rc2 35.Qe5 Rxd2
36.Rxd2 Qxe5 37.Nxe5 f6 38.Nd7 Ba7 39.d6 b6 40.Re2 Rd8 41.Re7 b5 42.Nc5 Bb8
43.d7 Kf8 44.Rxg7 Kxg7 45.Ne6+ Kf7 46.Nxd8+ Ke7 47.Nc6+ Kxd7 48.Nxb8+ Kd6
49.Na6 f5 50.Kf1 Kd5 51.Ke2 Kc4 52.Nc7 {#r} 1-0

[Event "83rd ch-BRA 2017"]
[Site "masterchessopen.com Rio de Janeiro BRA"]
[Date "2017.02.06"]
[Round "1.1"]
[White "Nogueira,I"]
[Black "Fier,A"]
[Result "0-1"]
[WhiteElo "2308"]
[BlackElo "2581"]

1.e4 c5 2.Nf3 e6 3.g3 Nc6 4.Bg2 Nf6 5.d3 d5 6.e5 Nd7 7.Bf4 Be7 8.h4 Nf8 9.h5
g5 10.hxg6 Nxg6 11.Bh6 Rg8 12.Rh5 Qb6 13.Bc1 Qb4+ 14.Qd2 Qg4 15.Rxh7 Ngxe5
16.Nxe5 Nxe5 17.Qf4 Qg6 18.Rh1 Nc6 19.Be3 c4 20.Rh6 Qg7 21.d4 Qf8 22.Rh5 Nb4
23.Kd2 f6 24.Bf3 Bd7 25.Nc3 O-O-O 26.Qh6 Qf7 27.a3 Nc6 28.Rah1 Be8 29.Kc1 e5
30.Rd1 Bf8 31.Qh7 Rg7 32.Qh8 e4 33.Be2 f5 34.Qh6 Bd7 35.Qf4 Be6 36.Qh4 Be7
37.Qh2 Bf6 38.Rh6 Qe7 39.Qh5 Rf7 40.Bf1 Rg8 41.Bh3 Bg5 42.Rh8 Rxh8 43.Qxh8+
Kc7 44.Bxg5 Qxg5+ 45.Kb1 Qe7 46.Qh6 a6 47.Qf4+ Qd6 48.Ne2 Rh7 49.Qxd6+ Kxd6
50.Nf4 Bd7 51.c3 Nd8 52.Bg2 Ne6 53.Nxe6 Kxe6 54.Rh1 Rg7 55.Rh4 Kd6 56.Rh6+ Ke7
57.Rh4 Kd6 58.Rh6+ Ke7 59.Rh4 Be6 60.Rf4 Rh7 61.Rh4 Rxh4 62.gxh4 f4 63.Kc1 Kf6
64.Bf1 Bg4 65.Kd2 {#R} 0-1

[Event "83rd ch-BRA 2017"]
[Site "masterchessopen.com Rio de Janeiro BRA"]
[Date "2017.02.06"]
[Round "1.2"]
[White "Mekhitarian,K"]
[Black "Macedo,MIa"]
[Result "1-0"]
[WhiteElo "2561"]
[BlackElo "2366"]

1.d4 Nf6 2.c4 e6 3.Nf3 d5 4.g3 dxc4 5.Bg2 Nc6 6.O-O Rb8 7.e3 b5 8.b3 cxb3
9.axb3 a6 10.Bb2 Be7 11.Qe2 O-O 12.Rc1 Bb7 13.Nbd2 Nb4 14.Ne5 Nd7 15.Bxb7 Rxb7
16.Nc6 Nxc6 17.Rxc6 Nb8 18.Rc2 f5 19.Nf3 Qd5 20.Ba3 Bd6 21.Nd2 e5 22.dxe5 Bxa3
23.Rxa3 Qxe5 24.Nf3 Qe7 25.Ra1 c5 26.Rac1 Nd7 27.Rd1 Nb6 28.Ra2 Ra7 29.Qc2 a5
30.Rc1 Nd7 31.Rca1 Rfa8 32.Qxf5 Qf7 33.Qxf7+ Kxf7 34.Kf1 a4 35.Ke2 a3 36.Rc1
Rb8 37.Nd2 Ke7 38.Ne4 Rc8 39.f4 c4 40.b4 Ra4 41.Nc3 Ra7 42.Nxb5 Rb7 43.Nc3 Nf6
44.b5 Ra7 45.Rca1 Rca8 46.Nb1 Ne4 47.Rxa3 Nc3+ 48.Ke1 Nxb5 49.Rxa7+ Rxa7
50.Rxa7+ Nxa7 51.Na3 c3 52.Ke2 h5 53.Kd3 Nc8 54.Nc4 Ke6 55.e4 Ne7 56.Kxc3 Ng8
57.Kd4 Nf6 58.f5+ Kf7 59.h3 Nh7 60.h4 Nf8 61.Kd5 g6 {#r} 1-0

[Event "83rd ch-BRA 2017"]
[Site "masterchessopen.com Rio de Janeiro BRA"]
[Date "2017.02.06"]
[Round "1.3"]
[White "De Paula,Rafael Figueiredo"]
[Black "Matsuura,E"]
[Result "0-1"]
[WhiteElo "2322"]
[BlackElo "2480"]

1.e4 e5 2.Nf3 Nc6 3.Bb5 a6 4.Ba4 Nf6 5.O-O Be7 6.Bxc6 dxc6 7.d3 Nd7 8.Nbd2 O-O
9.Nc4 f6 10.Nh4 g6 11.Nf3 Nc5 12.h3 Ne6 13.Be3 c5 14.a4 Nf4 15.Bxf4 exf4
16.Re1 Be6 17.Qe2 Qd7 18.a5 g5 19.e5 f5 20.Nh2 g4 21.hxg4 Kh8 22.gxf5 Rxf5
23.Nd6 Rg5 24.Ne4 Rg6 25.g3 fxg3 26.fxg3 Rag8 27.Qf2 Bd5 28.Nf1 Bh4 29.Re3
Bxe4 30.dxe4 Qd4 31.c3 Qxe5 32.Kg2 Bg5 33.Rf3 Qxe4 34.Re1 Qc6 35.Kg1 b6
36.axb6 cxb6 37.Qg2 Qd6 38.Qe2 Bf4 39.Rd1 Qc7 {#R} 0-1

[Event "83rd ch-BRA 2017"]
[Site "masterchessopen.com Rio de Janeiro BRA"]
[Date "2017.02.06"]
[Round "1.4"]
[White "Carneiro,Vitor Roberto Castro"]
[Black "El Debs,F"]
[Result "0-1"]
[WhiteElo "2426"]
[BlackElo "2523"]

1.c4 e5 2.Nc3 Nf6 3.Nf3 Nc6 4.g3 d5 5.cxd5 Nxd5 6.Bg2 Nb6 7.O-O Be7 8.d3 O-O
9.a3 Re8 10.b4 Bf8 11.Rb1 Nd4 12.Nd2 a6 13.Bb2 c6 14.e3 Nb5 15.Qc2 Bf5 16.Nde4
Qd7 17.Rfd1 Rad8 18.Na4 Nxa4 19.Qxa4 Bh3 20.Bh1 c5 21.Qa5 c4 22.a4 Na7 23.Nc5
Qg4 24.Nxb7 Rxd3 25.Rxd3 cxd3 26.Qd5 Qxb4 27.Qxd3 e4 28.Qd5 Rc8 29.Nd8 Rc7
30.Qe5 Rd7 31.Bxe4 Rxd8 32.Bd4 Rc8 33.Ra1 Qa3 34.Bxh7+ Kxh7 35.Qh5+ Kg8
36.Qxh3 Rc1+ 37.Rxc1 Qxc1+ 38.Kg2 Qc6+ 39.Kg1 Qc1+ 40.Kg2 Qc6+ 41.Kg1 Nc8
42.Qg4 Nd6 43.h4 Qxa4 44.h5 Qc2 45.h6 Qb1+ 46.Kg2 Qe4+ 47.Qxe4 Nxe4 48.hxg7
Bxg7 49.Bb6 Nd2 50.f4 Nc4 51.Bc5 a5 52.e4 a4 53.e5 Bf8 54.Bd4 a3 55.Kf3 a2
56.Ke4 Ba3 {#R} 0-1

[Event "83rd ch-BRA 2017"]
[Site "masterchessopen.com Rio de Janeiro BRA"]
[Date "2017.02.06"]
[Round "1.5"]
[White "Souza Neves,A"]
[Black "Jatoba de Oliveira Reis,P"]
[Result "0-1"]
[WhiteElo "2218"]
[BlackElo "2397"]

1.d4 Nf6 2.c4 g6 3.g3 Bg7 4.Bg2 O-O 5.Nc3 d6 6.Nf3 c5 7.d5 a6 8.a4 e6 9.O-O
exd5 10.cxd5 Re8 11.Nd2 Nbd7 12.Nc4 Nb6 13.Na3 Bd7 14.a5 Nc8 15.Nc4 Bb5 16.Qb3
Bxc4 17.Qxc4 Nd7 18.Ne4 h6 19.f4 b5 20.Qc2 Ra7 21.f5 g5 22.h4 Bd4+ 23.e3 Be5
24.hxg5 hxg5 25.f6 Nxf6 26.Nxg5 Kg7 27.Bd2 Rh8 28.Bc3 Bxc3 29.Qxc3 b4 30.Qc4
Qe7 31.Rf3 Qe5 32.Qf4 Qxf4 33.Rxf4 Ne7 34.e4 Ng6 35.Rf5 Ne5 36.Nf3 Nxf3+
37.Bxf3 Nd7 38.Be2 Ne5 39.b3 Rc8 40.Rc1 c4 41.Bxc4 Nxc4 42.bxc4 Rac7 43.e5
dxe5 44.Rxe5 Rxc4 45.Rf1 Rc1 46.Re7 Rxf1+ 47.Kxf1 Rb8 48.Re2 b3 49.Rb2 Kf6
50.Ke2 Ke5 51.Kd3 Kxd5 52.Kc3 Rc8+ 53.Kd3 Rg8 54.Rg2 Rb8 55.Rb2 Kc5 56.Kc3 Rb4
57.g4 Rc4+ 58.Kd3 Rxg4 59.Rf2 Rb4 60.Rf5+ Kc6 61.Rf6+ Kb5 62.Kc3 Kxa5 63.Rxf7
b2 64.Rf5+ Ka4 {#R} 0-1

[Event "83rd ch-BRA 2017"]
[Site "masterchessopen.com Rio de Janeiro BRA"]
[Date "2017.02.06"]
[Round "1.6"]
[White "Quintiliano Pinto,R"]
[Black "Pinto,C"]
[Result "1-0"]
[WhiteElo "2491"]
[BlackElo "2121"]

1.Nf3 Nf6 2.d4 g6 3.c4 Bg7 4.Nc3 O-O 5.e4 d6 6.Be2 Na6 7.O-O e5 8.Be3 Ng4
9.Bg5 Qe8 10.c5 exd4 11.Nd5 Qxe4 12.Ne7+ Kh8 13.cxd6 cxd6 14.Nxc8 Raxc8 15.Nd2
Qe5 16.Bxg4 Qxg5 17.Bxc8 Rxc8 18.Rc1 Rf8 19.Nc4 Rd8 20.Qf3 Qe7 21.Na5 d5
22.Rfe1 Qd7 23.h3 Nb4 24.a3 d3 25.Red1 Nc2 26.Qxd3 Nd4 27.Nb3 Nxb3 28.Qxb3 d4
29.Rd3 Bf6 30.Qc4 Kg7 31.Qc5 b6 32.Qc6 Qe7 33.Qf3 Re8 34.g3 h5 35.h4 Qd7
36.Rc6 Re1+ 37.Kg2 Qe7 38.Qf4 Be5 39.Qd2 Bf6 40.Rf3 Re2 41.Qxe2 Qxe2 42.Rcxf6
d3 43.Rxf7+ Kh6 44.Rd7 Qxb2 45.Rff7 Qh8 46.Rxa7 d2 47.Rfd7 {#r} 1-0